| 000 | 00870nam a2200229 a 4500 | ||
|---|---|---|---|
| 001 | 41345 | ||
| 003 | BD-RjUL | ||
| 005 | 20211209053353.0 | ||
| 008 | 160529s1987 bg ||||| |||| 00| 0 ben d | ||
| 020 | _c: TK 30.00 | ||
| 035 | _a(BD-RjUL)41462 | ||
| 040 |
_aBD-RjUL _bben _cBD-RjUL |
||
| 041 | _aben | ||
| 082 |
_223 _a297.72 _bABK 1987 |
||
| 100 |
_aআবাদী, আশরাফ আলী _9127140 |
||
| 245 | 1 | 0 |
_aকুরআন-হাদীসের আলোকে সৈনিকের কর্তব্য / _cআশরাফ আলী আবাদী |
| 260 |
_aঢাকা : _bইসলামিক ফাউণ্ডেশন, _c১৯৮৭ |
||
| 300 |
_a[১৪], ১৬৩ পৃ. ; _c২১ সেমি. |
||
| 650 |
_aমুসলমানদের ধর্মযুদ্ধ _9127141 |
||
| 650 |
_aJihad _9119787 |
||
| 942 |
_2ddc _cBK |
||
| 999 |
_c41345 _d41345 |
||